[Event "Samedi 2014.01.11"]
[Site "Ste-Foy CAN"]
[Date "2014.01.18"]
[Round "2"]
[White "Dube, Daniel"]
[Black "Biakolo, Lima"]
[Result "1-0"]
[WhiteElo "1709"]
[BlackElo "1970"]
[PlyCount "113"]
[EventDate "2014.01.11"]
[EventType "tourn"]
[EventRounds "5"]
[EventCountry "CAN"]

1. b3 c5 2. Bb2 Nf6 3. e3 e6 4. f4 d5 5. Nf3 Nc6 6. Bb5 Bd7 7. O-O g6 8. Bxc6
Bxc6 9. Ne5 Bg7 10. c4 O-O 11. Na3 Be8 12. Qc2 Rc8 13. d3 a6 14. Rad1 b5 15.
Qb1 b4 16. Nc2 Qc7 17. Qa1 Qe7 18. Ng4 Nh5 19. Bxg7 Nxg7 20. Nf6+ Kh8 21. Qe5
dxc4 22. dxc4 Rd8 23. Rxd8 Qxd8 24. Qxc5 Bc6 25. Nd4 Ba8 26. Qe5 Qe7 27. c5 Rc8
28. Rc1 Qc7 29. Qxc7 Rxc7 30. g4 Bc6 31. Nxc6 Rxc6 32. e4 e5 33. Nd5 Ne6 34.
Nxb4 Rxc5 35. Rxc5 Nxc5 36. fxe5 Kg7 37. Kg2 a5 38. Nc6 a4 39. bxa4 Nxa4 40.
Kf3 g5 41. Ke3 Kf8 42. Kd4 Ke8 43. Nb4 Ke7 44. Nd5+ Kf8 45. Nc3 Nb6 46. a4 Nd7
47. a5 Nb8 48. Kd5 Ke7 49. Na4 Na6 50. Nc5 Nb4+ 51. Kc4 Nc6 52. a6 Na7 53. Kd5
h6 54. Nb7 Kd7 55. Nd6 Ke7 56. Kc5 Kd7 57. Kb6 1-0

[Event "Samedi 2014.01.11"]
[Site "Ste-Foy CAN"]
[Date "2014.01.18"]
[Round "2"]
[White "Sauve, Richard"]
[Black "Robitaille, Denis"]
[Result "0-1"]
[WhiteElo "1915"]
[BlackElo "1790"]
[PlyCount "96"]
[EventDate "2014.01.11"]
[EventType "tourn"]
[EventRounds "5"]
[EventCountry "CAN"]

1. d4 f5 2. g3 Nf6 3. Bg2 g6 4. Nf3 Bg7 5. O-O O-O 6. c4 d6 7. Nc3 Qe8 8. d5 a5
9. Rb1 Na6 10. Nd4 e5 11. dxe6 c6 12. Bf4 Bxe6 13. Nxe6 Qxe6 14. b3 Rad8 15.
Qc1 Nc5 16. Bh6 Bxh6 17. Qxh6 Qe5 18. Qc1 Nfe4 19. Nxe4 Nxe4 20. Qc2 Rfe8 21.
e3 d5 22. Rbd1 dxc4 23. Qxc4+ Kg7 24. Qc2 Kf7 25. Rd3 Ke7 26. Rfd1 Qc5 27.
Qxc5+ Nxc5 28. Rd4 Ne6 29. Rxd8 Rxd8 30. Rxd8 Kxd8 31. Kf1 Kd7 32. Ke2 Kd6 33.
Kd3 b5 34. h4 a4 35. Kc3 axb3 36. axb3 Nc5 37. b4 Ne6 38. Bf1 Nc7 39. Bd3 Nd5+
40. Kb3 Ke5 41. Bc2 Nf6 42. f4+ Kd6 43. Bd1 Nd5 44. g4 Nxe3 45. gxf5 Nxf5 46.
h5 Ne3 47. hxg6 hxg6 48. Bf3 Nd5 0-1

[Event "Samedi 2014.01.11"]
[Site "Ste-Foy CAN"]
[Date "2014.02.01"]
[Round "3"]
[White "Chouinard, Etienne"]
[Black "Sauve, Richard"]
[Result "0-1"]
[WhiteElo "1638"]
[BlackElo "1915"]
[PlyCount "55"]
[EventDate "2014.01.11"]
[EventType "tourn"]
[EventRounds "5"]
[EventCountry "CAN"]

1. e4 e6 2. d4 d5 3. Nd2 Nf6 4. e5 Nfd7 5. c3 c5 6. Nb3 cxd4 7. cxd4 Nc6 8. f4
a5 9. a4 Qb6 10. Ne2 Bb4+ 11. Nc3 f6 12. Bb5 O-O 13. Rf1 fxe5 14. Bxc6 Qxc6 15.
fxe5 Bxc3+ 16. bxc3 Qxc3+ 17. Bd2 Rxf1+ 18. Kxf1 Qd3+ 19. Kg1 b6 20. Rc1 Nf8
21. Rc3 Qe4 22. Rg3 Bd7 23. Rg4 Qf5 24. Rf4 Qg6 25. Qf3 Bxa4 26. Nxa5 bxa5 27.
Bxa5 Qb1+ 28. Kf2 0-1

[Event "Samedi 2014.01.11"]
[Site "Ste-Foy CAN"]
[Date "2014.02.01"]
[Round "3"]
[White "Cournoyer, Dominic"]
[Black "Robitaille, Denis"]
[Result "1/2-1/2"]
[WhiteElo "1984"]
[BlackElo "1790"]
[PlyCount "80"]
[EventDate "2014.01.11"]
[EventType "tourn"]
[EventRounds "5"]
[EventCountry "CAN"]

1. c4 f5 2. Nc3 Nf6 3. Nf3 d6 4. g3 g6 5. Bg2 Bg7 6. O-O e5 7. d4 e4 8. Ng5 h6
9. Nh3 g5 10. f3 exf3 11. exf3 O-O 12. f4 g4 13. Nf2 c6 14. b3 Be6 15. Bb2 Bf7
16. Re1 Na6 17. Qd3 Qd7 18. a3 Rae8 19. d5 Nc5 20. Qc2 cxd5 21. Nxd5 Nxd5 22.
Bxg7 Kxg7 23. Bxd5 Bxd5 24. Qc3+ Kg6 25. cxd5 Qb5 26. b4 Na6 27. Re6+ Rxe6 28.
dxe6 Qd5 29. e7 Re8 30. Rd1 Qe6 31. Qd3 Rxe7 32. Nxg4 Nc7 33. Nf2 Ne8 34. Qd4
b6 35. Nd3 Qa2 36. g4 Re4 37. gxf5+ Kxf5 38. Qh8 Qe6 39. Qh7+ Qg6+ 40. Qxg6+
Kxg6 1/2-1/2

[Event "Samedi 2014.01.11"]
[Site "Ste-Foy CAN"]
[Date "2014.02.01"]
[Round "3"]
[White "Laflamme, Simon"]
[Black "Gaudreau, Eric"]
[Result "1/2-1/2"]
[WhiteElo "1910"]
[BlackElo "1828"]
[PlyCount "39"]
[EventDate "2014.01.11"]
[EventType "tourn"]
[EventRounds "5"]
[EventCountry "CAN"]

1. d4 d5 2. Nf3 Nf6 3. g3 e6 4. Bg2 Bd6 5. O-O Nbd7 6. c4 c6 7. Nc3 O-O 8. Re1
dxc4 9. Bg5 h6 10. Bxf6 Nxf6 11. Nd2 e5 12. Nxc4 exd4 13. Qxd4 Bb4 14. Qe3 Be6
15. Red1 Qc7 16. Ne5 Bxc3 17. Qxc3 Rfd8 18. Nd3 Bd5 19. Nf4 Bxg2 20. Kxg2
1/2-1/2

[Event "Samedi 2014.01.11"]
[Site "Ste-Foy CAN"]
[Date "2014.02.01"]
[Round "3"]
[White "Sarra-Bournet, Marc"]
[Black "Caron, Sebastien"]
[Result "0-1"]
[WhiteElo "1861"]
[BlackElo "1952"]
[PlyCount "76"]
[EventDate "2014.01.11"]
[EventType "tourn"]
[EventRounds "5"]
[EventCountry "CAN"]

1. e4 c5 2. Nc3 g6 3. f4 Bg7 4. Nf3 e6 5. Bc4 Ne7 6. f5 gxf5 7. d3 d5 8. exd5
exd5 9. Bb3 Nbc6 10. O-O Be6 11. Ng5 O-O 12. Qh5 h6 13. Nxe6 fxe6 14. Bxh6 Qe8
15. Qh3 Bxh6 16. Qxh6 Qg6 17. Qh3 Nd4 18. Rae1 Rf6 19. Rf4 Kf7 20. Re3 Rg8 21.
Rh4 f4 22. Rh7+ Rg7 23. Rxg7+ Kxg7 24. Re5 f3 25. g3 Nef5 26. Kf2 Nh6 27. Rh5
Ng4+ 28. Kf1 Ne3+ 29. Kf2 Ng4+ 30. Kf1 b5 31. Rh4 Nf5 32. Nd1 Nxh4 33. Qxh4 c4
34. h3 cxb3 35. axb3 Ne5 36. Qd4 Qxg3 37. Nf2 Qf4 38. Qxa7+ Rf7 0-1

[Event "Samedi 2014.01.11"]
[Site "Ste-Foy CAN"]
[Date "2014.02.15"]
[Round "5"]
[White "Biakolo, Lima"]
[Black "Robitaille, Denis"]
[Result "1-0"]
[WhiteElo "1934"]
[BlackElo "1790"]
[PlyCount "73"]
[EventDate "2014.01.11"]
[EventType "tourn"]
[EventRounds "5"]
[EventCountry "CAN"]

1. e4 g6 2. d4 Bg7 3. f4 c6 4. Nf3 d5 5. e5 Nh6 6. Be2 Bg4 7. h3 Bxf3 8. Bxf3
Qb6 9. g4 f6 10. Nc3 fxe5 11. fxe5 e6 12. Na4 Qa5+ 13. c3 Na6 14. b4 Qd8 15. h4
Nf7 16. h5 b6 17. Qe2 Nc7 18. Be3 g5 19. O-O O-O 20. Qd3 Qd7 21. Rf2 c5 22. Nb2
a5 23. bxc5 bxc5 24. Qd2 h6 25. Nd3 Na6 26. Rb1 Rab8 27. Rxb8 Rxb8 28. Qc1 cxd4
29. cxd4 Nb4 30. Nc5 Qe7 31. a3 Nc6 32. Qc2 Nh8 33. Qa4 Rc8 34. Qb5 Bxe5 35.
Nxe6 Qxa3 36. Qxd5 Qxe3 37. Nxg5+ 1-0

[Event "Samedi 2014.01.11"]
[Site "Ste-Foy CAN"]
[Date "2014.02.15"]
[Round "5"]
[White "Caron, Sebastien"]
[Black "Bahadi, Khalid"]
[Result "1-0"]
[WhiteElo "1952"]
[BlackElo "1933"]
[PlyCount "93"]
[EventDate "2014.01.11"]
[EventType "tourn"]
[EventRounds "5"]
[EventCountry "CAN"]

1. e4 e5 2. Nf3 Nc6 3. Bb5 a6 4. Ba4 Nf6 5. O-O b5 6. Bb3 d6 7. Re1 Na5 8. d4
Nxb3 9. axb3 Bg4 10. dxe5 Bxf3 11. Qxf3 dxe5 12. Qc3 Qd6 13. Nd2 Be7 14. Nf3
Nd7 15. Be3 c5 16. Red1 Qc7 17. Qd3 Nb6 18. Rxa6 c4 19. Rxa8+ Nxa8 20. Qd5 O-O
21. Ra1 Qb8 22. Nxe5 Nc7 23. Qd7 Bf6 24. Nc6 Qc8 25. Qxc8 Rxc8 26. bxc4 bxc4
27. e5 Bd8 28. Nxd8 Rxd8 29. Bb6 Ra8 30. Rxa8+ Nxa8 31. Ba5 Kf8 32. Kf1 Ke7 33.
Ke2 Ke6 34. f4 Kd5 35. Ke3 g5 36. g3 h6 37. b3 cxb3 38. cxb3 g4 39. Kd3 h5 40.
Ke3 Ke6 41. Ke4 f6 42. f5+ Ke7 43. e6 Kd6 44. b4 Ke7 45. b5 Kf8 46. b6 h4 47.
b7 1-0

[Event "Samedi 2014.01.11"]
[Site "Ste-Foy CAN"]
[Date "2014.02.15"]
[Round "5"]
[White "Cournoyer, Dominic"]
[Black "Laflamme, Simon"]
[Result "1-0"]
[WhiteElo "1984"]
[BlackElo "1910"]
[PlyCount "79"]
[EventDate "2014.01.11"]
[EventType "tourn"]
[EventRounds "5"]
[EventCountry "CAN"]

1. c4 Nf6 2. Nc3 c5 3. Nf3 Nc6 4. d4 cxd4 5. Nxd4 e6 6. g3 Qb6 7. Ndb5 Bc5 8.
Nd6+ Ke7 9. Nde4 Nxe4 10. Nxe4 Qb4+ 11. Bd2 Qxc4 12. Nxc5 Qxc5 13. Bg2 d5 14.
O-O Rd8 15. Rc1 Qd6 16. Qc2 g6 17. Bc3 e5 18. b3 Be6 19. Qd2 Rac8 20. f4 e4 21.
Bb2 Qb4 22. Bc3 Qb6+ 23. e3 f6 24. Kh1 Rd7 25. Qb2 Rf8 26. Qe2 Kd8 27. b4 Nxb4
28. Qb2 Nd3 29. Qa3 Rff7 30. Ba5 Qxa5 31. Qxa5+ b6 32. Qb5 Nxc1 33. Rxc1 Rc7
34. Rxc7 Rxc7 35. Qb2 Ke7 36. Bf1 Bg4 37. h3 Bf3+ 38. Bg2 Bd1 39. Qd2 Ba4 40.
Qb4+ 1-0

[Event "Samedi 2014.01.11"]
[Site "Ste-Foy CAN"]
[Date "2014.02.15"]
[Round "5"]
[White "Sauve, Richard"]
[Black "Doyon, Stephane"]
[Result "1-0"]
[WhiteElo "1915"]
[BlackElo "1741"]
[PlyCount "71"]
[EventDate "2014.01.11"]
[EventType "tourn"]
[EventRounds "5"]
[EventCountry "CAN"]

1. d4 d5 2. c4 c6 3. e3 Nf6 4. Nc3 e6 5. Nf3 Nbd7 6. Qc2 Be7 7. b3 O-O 8. Bd3
dxc4 9. Bxc4 b5 10. Bd3 Bb7 11. O-O Qb8 12. Bb2 Bd6 13. h3 Re8 14. Rfe1 e5 15.
Ng5 g6 16. Nce4 Bb4 17. Rec1 exd4 18. Nxf6+ Nxf6 19. Bxd4 Qd6 20. a3 Bxa3 21.
Rxa3 Qxa3 22. Bxf6 Qd6 23. Bb2 Rad8 24. Qc3 f6 25. Bb1 Qe5 26. Qxe5 fxe5 27.
Ne4 Kf7 28. b4 Re7 29. Nc5 Kf6 30. f4 Kf7 31. Ba2+ Ke8 32. Bxe5 Rd2 33. Bb3 Bc8
34. Ne4 Re2 35. Nd6+ Kd7 36. Rd1 1-0

[Event "Samedi 2014.03.01"]
[Site "Ste-Foy CAN"]
[Date "2014.03.01"]
[Round "1"]
[White "Cournoyer, Dominic"]
[Black "Chouinard, Etienne"]
[Result "0-1"]
[WhiteElo "2005"]
[BlackElo "1755"]
[PlyCount "82"]
[EventDate "2014.03.01"]
[EventType "tourn"]
[EventRounds "5"]
[EventCountry "CAN"]

1. c4 d5 2. cxd5 Nf6 3. e4 c6 4. dxc6 Nxc6 5. Nc3 e5 6. Nf3 Bg4 7. Be2 Bb4 8.
d3 Qa5 9. Bd2 O-O-O 10. a3 Bxf3 11. Bxf3 Bxc3 12. Bxc3 Qb5 13. Rc1 Kb8 14. O-O
Qxd3 15. Qa4 Nd4 16. Bxd4 Rxd4 17. Qa5 Nd7 18. Bg4 b6 19. Qc3 Nc5 20. f3 Rhd8
21. Rc2 Kb7 22. Rfc1 Qxc3 23. Rxc3 Rd1+ 24. Rxd1 Rxd1+ 25. Kf2 Rd2+ 26. Ke3
Rxb2 27. Bh3 g5 28. Rc1 Rb3+ 29. Kf2 Rxa3 30. Rd1 Kc7 31. Rd5 f6 32. Bf5 h6 33.
Bg6 a5 34. Bf7 a4 35. Rd2 Rc3 36. Ke2 b5 37. Be8 b4 38. Bf7 b3 39. Rd1 a3 40.
Ra1 b2 41. Rb1 Nb3 0-1

[Event "Samedi 2014.03.01"]
[Site "Ste-Foy CAN"]
[Date "2014.03.01"]
[Round "1"]
[White "Gaudreau, Eric"]
[Black "Bahadi, Khalid"]
[Result "1/2-1/2"]
[WhiteElo "1746"]
[BlackElo "1991"]
[PlyCount "128"]
[EventDate "2014.03.01"]
[EventType "tourn"]
[EventRounds "5"]
[EventCountry "CAN"]

1. c4 c6 2. Qa4 Nf6 3. g3 b5 4. cxb5 Bb7 5. Nf3 Qb6 6. Nc3 a6 7. Bg2 axb5 8.
Qc2 c5 9. O-O Nc6 10. a3 d5 11. e4 dxe4 12. Ng5 Nd4 13. Qd1 e6 14. Ngxe4 b4 15.
Nxf6+ gxf6 16. Ne4 Be7 17. d3 f5 18. Ng5 Bxg2 19. Kxg2 Qc6+ 20. f3 h6 21. Nh3
e5 22. Be3 Ne6 23. Qc2 Ng5 24. Nxg5 hxg5 25. axb4 Rxa1 26. Rxa1 g4 27. Qa4
gxf3+ 28. Kg1 Qxa4 29. Rxa4 cxb4 30. Ra8+ Bd8 31. Bb6 Kd7 32. Rxd8+ Rxd8 33.
Bxd8 Kxd8 34. Kf2 e4 35. h4 exd3 36. Kxf3 Ke7 37. Ke3 Kf6 38. Kxd3 f4 39. g4
Ke5 40. Ke2 Ke4 41. h5 Ke5 42. Kf3 b3 43. h6 Kf6 44. Kxf4 Kg6 45. g5 f6 46. h7
fxg5+ 47. Kg4 Kxh7 48. Kxg5 Kg7 49. Kf5 Kf7 50. Ke5 Ke7 51. Kd5 Kd7 52. Kc5 Kc7
53. Kb4 Kb6 54. Kxb3 Kb5 55. Kc3 Kc5 56. b4+ Kb5 57. Kb3 Kb6 58. Kc4 Kc6 59.
b5+ Kb6 60. Kb4 Kb7 61. Kc5 Kc7 62. b6+ Kb7 63. Kb5 Kb8 64. Kc6 Kc8 1/2-1/2

[Event "Samedi 2014.03.01"]
[Site "Ste-Foy CAN"]
[Date "2014.03.01"]
[Round "1"]
[White "Robitaille, Denis"]
[Black "Poliquin, Yvon"]
[Result "1/2-1/2"]
[WhiteElo "1809"]
[BlackElo "2049"]
[PlyCount "78"]
[EventDate "2014.03.01"]
[EventType "tourn"]
[EventRounds "5"]
[EventCountry "CAN"]

1. g3 e5 2. Bg2 Nf6 3. c4 c6 4. Nf3 e4 5. Nd4 Qb6 6. Nb3 a5 7. a4 d5 8. cxd5
cxd5 9. O-O Nc6 10. d3 Be6 11. d4 Be7 12. Nc3 O-O 13. h3 Rac8 14. Be3 Rfd8 15.
Nb5 Nb4 16. Nc5 Bf5 17. Rc1 h6 18. Qb3 Nd7 19. g4 Be6 20. Nxe6 fxe6 21. f3 exf3
22. Bxf3 Kh8 23. Kg2 Rc6 24. Rc3 Bf6 25. Bf2 Rf8 26. e4 Qd8 27. Rfc1 Bg5 28.
exd5 Rxf3 29. dxc6 Rxf2+ 30. Kxf2 bxc6 31. Rxc6 Bxc1 32. Rxc1 Qf6+ 33. Kg2 Nb6
34. Rf1 Qg6 35. Rf8+ Kh7 36. Nd6 N6d5 37. Qf3 Nf6 38. Kh2 Qc2+ 39. Qg2 Qc7
1/2-1/2

[Event "Samedi 2014.03.01"]
[Site "Ste-Foy CAN"]
[Date "2014.03.15"]
[Round "3"]
[White "Caron, Sebastien"]
[Black "Laflamme, Simon"]
[Result "1/2-1/2"]
[WhiteElo "1986"]
[BlackElo "1946"]
[PlyCount "32"]
[EventDate "2014.03.01"]
[EventType "tourn"]
[EventRounds "5"]
[EventCountry "CAN"]

1. e4 d6 2. Nf3 Nf6 3. d3 c5 4. Nc3 Nc6 5. Be3 g6 6. Qd2 Bg7 7. Bh6 O-O 8. Bxg7
Kxg7 9. Be2 a6 10. h3 b5 11. Qe3 Bb7 12. Nd1 Qc7 13. c3 Rac8 14. O-O Rfd8 15.
Qg5 h6 16. Qg3 e6 1/2-1/2

[Event "Samedi 2014.03.01"]
[Site "Ste-Foy CAN"]
[Date "2014.03.15"]
[Round "3"]
[White "Gaudreau, Eric"]
[Black "Sarra-Bournet, Marc"]
[Result "0-1"]
[WhiteElo "1746"]
[BlackElo "1839"]
[PlyCount "60"]
[EventDate "2014.03.01"]
[EventType "tourn"]
[EventRounds "5"]
[EventCountry "CAN"]

1. c4 e5 2. g3 Nf6 3. Bg2 Bc5 4. Nc3 O-O 5. d3 c6 6. Nf3 d6 7. O-O h6 8. a3 a5
9. Rb1 Na6 10. h3 Bf5 11. Ne1 Qd7 12. Kh2 Rad8 13. Nc2 d5 14. cxd5 cxd5 15. b4
axb4 16. axb4 Bb6 17. b5 Nc5 18. Nb4 e4 19. d4 Ne6 20. Be3 Rc8 21. Na4 Ba5 22.
Nc5 Qe7 23. Qa4 Bb6 24. Nxe6 Bxe6 25. Rfc1 Qd7 26. Qd1 Rxc1 27. Qxc1 Rc8 28.
Qd2 Rc4 29. Nc2 Kh7 30. Rb4 Ba5 0-1

[Event "Samedi 2014.03.01"]
[Site "Ste-Foy CAN"]
[Date "2014.03.15"]
[Round "3"]
[White "Robitaille, Denis"]
[Black "Bahadi, Khalid"]
[Result "1/2-1/2"]
[WhiteElo "1809"]
[BlackElo "1991"]
[PlyCount "63"]
[EventDate "2014.03.01"]
[EventType "tourn"]
[EventRounds "5"]
[EventCountry "CAN"]

1. Nf3 d5 2. g3 c6 3. Bg2 Nd7 4. d4 Ngf6 5. Nbd2 e6 6. O-O Bd6 7. b3 O-O 8. Bb2
Re8 9. c4 b6 10. Ne5 c5 11. e4 cxd4 12. Nc6 Qc7 13. Nxd4 Bb7 14. cxd5 exd5 15.
Nb5 Qb8 16. Nxd6 Qxd6 17. exd5 b5 18. Qf3 Ne5 19. Qf5 Bc8 20. Ne4 Nxe4 21. Qxe4
Bb7 22. Qd4 f6 23. Rfe1 Rad8 24. Rad1 Bxd5 25. Qxd5+ Qxd5 26. Bxd5+ Rxd5 27.
Bxe5 Rexe5 28. Rxd5 Rxd5 29. Re7 a5 30. Ra7 b4 31. Kf1 Rc5 32. Kg2 1/2-1/2

[Event "Samedi 2014.03.01"]
[Site "Ste-Foy CAN"]
[Date "2014.03.15"]
[Round "3"]
[White "Sauve, Richard"]
[Black "Poliquin, Yvon"]
[Result "1-0"]
[WhiteElo "1897"]
[BlackElo "2049"]
[PlyCount "45"]
[EventDate "2014.03.01"]
[EventType "tourn"]
[EventRounds "5"]
[EventCountry "CAN"]

1. d4 e6 2. c4 b6 3. Nc3 Bb7 4. e4 Bb4 5. Bd3 f5 6. f3 fxe4 7. fxe4 Bxc3+ 8.
bxc3 Bxe4 9. Qh5+ g6 10. Qe5 Bxg2 11. Bg5 Nc6 12. Qxh8 Qxg5 13. Qxg8+ Ke7 14.
Qxa8 Qe3+ 15. Ne2 Bxh1 16. Rd1 Bf3 17. Qh8 Qh6 18. Kf2 Bxe2 19. Bxe2 Qxh2+ 20.
Ke1 d6 21. Qg7+ Kd8 22. Qf6+ Ne7 23. Rd3 1-0

[Event "Samedi 2014.03.01"]
[Site "Ste-Foy CAN"]
[Date "2014.03.29"]
[Round "5"]
[White "Sauve, Richard"]
[Black "Cournoyer, Dominic"]
[Result "0-1"]
[WhiteElo "1897"]
[BlackElo "2005"]
[PlyCount "126"]
[EventDate "2014.03.01"]
[EventType "tourn"]
[EventRounds "5"]
[EventCountry "CAN"]

1. d4 d5 2. c4 c6 3. e3 Nf6 4. Nc3 e6 5. Nf3 Bd6 6. Qc2 O-O 7. b3 b6 8. Bd3 Bb7
9. O-O h6 10. e4 dxe4 11. Nxe4 Nxe4 12. Bxe4 Nd7 13. Bh7+ Kh8 14. Bd3 Nf6 15.
Bb2 c5 16. dxc5 Bxc5 17. Ne5 Bd4 18. Rad1 Bxb2 19. Qxb2 Qc7 20. Rfe1 Rad8 21.
Qe2 Kg8 22. a3 Rd6 23. Rc1 Rfd8 24. b4 Ba6 25. Red1 Rd4 26. Qe3 Kf8 27. Nf3
R4d6 28. h3 Qd7 29. Ne5 Qa4 30. c5 bxc5 31. bxc5 Rd5 32. c6 Rc8 33. Qxa7 Rxe5
34. Qxa6 Qxa6 35. Bxa6 Rc7 36. a4 Nd5 37. Bb5 Ke8 38. Re1 Rxe1+ 39. Rxe1 Ke7
40. Rc1 Kd6 41. a5 Ra7 42. a6 Kc7 43. Be2 Nb4 44. Rc5 Nxc6 45. Rc3 Kb6 46. Rg3
f6 47. Re3 e5 48. Rd3 Nd4 49. Bh5 Rxa6 50. g3 Kc7 51. Kg2 Kd6 52. h4 f5 53. f4
Ke6 54. fxe5 Kxe5 55. Re3+ Kf6 56. Re8 g6 57. Rd8 Ra2+ 58. Kh3 Ne6 59. Rh8 gxh5
60. Rxh6+ Ke5 61. Rxh5 Ra3 62. Kg2 Ke4 63. Kf2 Ra2+ 0-1

[Event "Samedi 2014.04.05"]
[Site "Ste-Foy CAN"]
[Date "2014.04.05"]
[Round "1"]
[White "Beaudin-Maloney, Michaël"]
[Black "Poliquin, Yvon"]
[Result "0-1"]
[WhiteElo "1679"]
[BlackElo "2049"]
[PlyCount "50"]
[EventDate "2014.04.05"]
[EventType "tourn"]
[EventRounds "5"]
[EventCountry "CAN"]

1. c4 e5 2. Nc3 Nf6 3. e3 c6 4. d4 exd4 5. exd4 d5 6. Nf3 Be7 7. Bd3 O-O 8. O-O
Nbd7 9. Qc2 dxc4 10. Bxc4 Nb6 11. Bb3 Nbd5 12. a3 Qb6 13. Re1 Bd6 14. Nxd5 Nxd5
15. Ng5 f5 16. Qd3 Bd7 17. Bd2 Rae8 18. Qh3 h6 19. Bxd5+ cxd5 20. Nf3 Qd8 21.
Ne5 Bxe5 22. dxe5 Re6 23. Bb4 Rfe8 24. Bd6 Bc6 25. Qxf5 Qxd6 0-1

[Event "Samedi 2014.04.05"]
[Site "Ste-Foy CAN"]
[Date "2014.04.05"]
[Round "1"]
[White "Cournoyer, Dominic"]
[Black "Skakni, Ismael"]
[Result "1/2-1/2"]
[WhiteElo "2005"]
[BlackElo "1650"]
[PlyCount "87"]
[EventDate "2014.04.05"]
[EventType "tourn"]
[EventRounds "5"]
[EventCountry "CAN"]

1. c4 Nf6 2. Nc3 c6 3. Nf3 d5 4. cxd5 cxd5 5. d4 e6 6. Bf4 Bd6 7. Bxd6 Qxd6 8.
e3 Nc6 9. Bd3 O-O 10. O-O e5 11. dxe5 Nxe5 12. Nxe5 Qxe5 13. Qf3 d4 14. exd4
Qxd4 15. h3 Be6 16. Rfd1 Qb4 17. Rab1 Rfd8 18. a3 Qb3 19. Rd2 Rac8 20. Rbd1 Qb6
21. Qe2 Bb3 22. Re1 Re8 23. Qf1 Rxe1 24. Qxe1 Re8 25. Re2 Rxe2 26. Qxe2 Qe6 27.
Qf3 Bd5 28. Qf4 g6 29. Nxd5 Qe1+ 30. Kh2 Nxd5 31. Qe4 Qxe4 32. Bxe4 Nf4 33. g3
f5 34. Bxb7 Nd3 35. b4 Nxf2 36. a4 Nd3 37. b5 Nc5 38. Bd5+ Kg7 39. a5 Kf6 40.
Bc6 Ke5 41. a6 Na4 42. Kg2 h6 43. Kf3 g5 44. Ke3 1/2-1/2

[Event "Samedi 2014.04.05"]
[Site "Ste-Foy CAN"]
[Date "2014.04.05"]
[Round "1"]
[White "Gaudreau, Eric"]
[Black "Bahadi, Khalid"]
[Result "1/2-1/2"]
[WhiteElo "1710"]
[BlackElo "2079"]
[PlyCount "139"]
[EventDate "2014.04.05"]
[EventType "tourn"]
[EventRounds "5"]
[EventCountry "CAN"]

1. Nf3 d5 2. g3 f5 3. Bg2 Nf6 4. b3 e6 5. Bb2 Nc6 6. O-O Bc5 7. d4 Bb6 8. c4 a5
9. e3 O-O 10. Nc3 Ne4 11. cxd5 exd5 12. Na4 Ba7 13. Rc1 Qe8 14. Ba3 Rf6 15. Bc5
b6 16. Ba3 Rh6 17. Nc3 Qf7 18. Re1 Bd7 19. Bf1 Nxc3 20. Rxc3 Re8 21. Qd2 Bb8
22. Bg2 Rh5 23. Rec1 Re6 24. Bb2 Nb4 25. Ba1 c6 26. a3 Na6 27. R3c2 g5 28. Ne5
Bxe5 29. dxe5 Nc5 30. Qc3 Ne4 31. Qd4 Nc5 32. Rxc5 bxc5 33. Rxc5 f4 34. Rxa5 f3
35. Ra8+ Kg7 36. Bf1 Qe7 37. Ra7 Kf8 38. Ra8+ Be8 39. e4 dxe4 40. Ra7 c5 41.
Rxe7 cxd4 42. Rxe6 d3 43. Rd6 g4 44. a4 Rf5 45. Bc3 Rf7 46. Rf6 Rxf6 47. exf6
Kf7 48. Bxd3 exd3 49. Kf1 Bc6 50. Ke1 Bd5 51. b4 Bc4 52. Kd2 Ke6 53. Ke3 h5 54.
Kd4 Bb3 55. a5 Kxf6 56. a6 Ke6 57. Kc5 Bd5 58. b5 Be4 59. b6 Kd7 60. Kd4 Bc6
61. a7 Kc8 62. Kxd3 Kb7 63. Bd4 Bd5 64. Ke3 Ka8 65. Kf4 Bc6 66. Kg5 Be8 67. Kh6
Kb7 68. Kg7 Ka8 69. Kf8 Bc6 70. Ke7 1/2-1/2

[Event "Samedi 2014.04.05"]
[Site "Ste-Foy CAN"]
[Date "2014.04.05"]
[Round "1"]
[White "Lessard, Claude"]
[Black "Dorion, Francois"]
[Result "1-0"]
[WhiteElo "2071"]
[BlackElo "1685"]
[PlyCount "71"]
[EventDate "2014.04.05"]
[EventType "tourn"]
[EventRounds "5"]
[EventCountry "CAN"]

1. d4 e6 2. Nf3 Nf6 3. g3 c5 4. Bg2 d5 5. O-O Nc6 6. c4 cxd4 7. Nxd4 Be7 8.
cxd5 exd5 9. Nc3 O-O 10. Bg5 Nxd4 11. Qxd4 Be6 12. Rfd1 h6 13. Bf4 Rc8 14. Qxa7
Qd7 15. Qd4 Rfd8 16. Rac1 Bc5 17. Qd2 Ng4 18. Rf1 Nf6 19. Be5 Ng4 20. Bd4 Bxd4
21. Qxd4 Nf6 22. Rfd1 Qe7 23. e3 Rc4 24. Qd2 Rdc8 25. b3 R4c6 26. Ne2 Qa3 27.
Rxc6 Rxc6 28. Nd4 Ra6 29. Nxe6 fxe6 30. Rc1 Qxa2 31. Rc8+ Kf7 32. Rc7+ Ke8 33.
Qb4 Qa3 34. Qxb7 Ra8 35. Rxg7 Qf8 36. Qxa8# 1-0

[Event "Samedi 2014.04.05"]
[Site "Ste-Foy CAN"]
[Date "2014.04.12"]
[Round "2"]
[White "Bissonnette, Mathieu"]
[Black "Cournoyer, Dominic"]
[Result "0-1"]
[WhiteElo "1601"]
[BlackElo "2005"]
[PlyCount "112"]
[EventDate "2014.04.05"]
[EventType "tourn"]
[EventRounds "5"]
[EventCountry "CAN"]

1. e4 d5 2. d4 dxe4 3. Nc3 Nf6 4. f3 exf3 5. Nxf3 g6 6. Bc4 Bg7 7. Ne5 O-O 8.
O-O c5 9. dxc5 Qc7 10. Bf4 Qxc5+ 11. Kh1 Nh5 12. Bxf7+ Kh8 13. Bxg6 Nxf4 14.
Rxf4 Qxe5 15. Rxf8+ Bxf8 16. Qd8 Nd7 17. Bd3 Kg7 18. Rf1 Nf6 19. Nb5 Qg5 20.
Qd4 e5 21. Qc4 Bd7 22. Qc7 Rc8 23. Qxb7 Qg4 24. Bf5 Qc4 25. Qf3 Bxb5 26. Bd3
Qe6 27. Bxb5 Rxc2 28. b3 e4 29. Qf4 h6 30. Bc4 Qd6 31. Qf5 Be7 32. h4 Qd2 33.
Qh3 Rc1 34. Qg3+ Kh7 35. Rxc1 Qxc1+ 36. Kh2 Qd2 37. Qc7 Qd6+ 38. Qxd6 Bxd6+ 39.
Kg1 Bg3 40. Kf1 Bxh4 41. b4 Kg6 42. a4 Bg3 43. Be6 Bd6 44. b5 Bc5 45. a5 Ne8
46. Bd5 Kf5 47. b6 axb6 48. axb6 Bxb6 49. Bc6 Nd6 50. Bd7+ Ke5 51. Ke2 Kf4 52.
Be6 Nb5 53. Bc4 Nd4+ 54. Ke1 e3 55. Bf1 Kg3 56. Kd1 Kf2 0-1

[Event "Samedi 2014.04.05"]
[Site "Ste-Foy CAN"]
[Date "2014.04.12"]
[Round "2"]
[White "Doyon, Stephane"]
[Black "Gaudreau, Eric"]
[Result "1-0"]
[WhiteElo "1741"]
[BlackElo "1710"]
[PlyCount "43"]
[EventDate "2014.04.05"]
[EventType "tourn"]
[EventRounds "5"]
[EventCountry "CAN"]

1. e4 e5 2. Nf3 Nc6 3. d4 exd4 4. Nxd4 Bc5 5. Be3 Qf6 6. c3 Nge7 7. Bc4 O-O 8.
O-O Ne5 9. Be2 Qg6 10. Nd2 d6 11. f3 f5 12. exf5 Nxf5 13. Nxf5 Qxf5 14. Bxc5
dxc5 15. Qb3+ Be6 16. Qxb7 Rab8 17. Qxa7 Rxb2 18. Rad1 Rd8 19. Nc4 Rxd1 20.
Rxd1 Rxe2 21. Rd8+ Kf7 22. Nd6+ 1-0

[Event "Samedi 2014.04.05"]
[Site "Ste-Foy CAN"]
[Date "2014.04.12"]
[Round "2"]
[White "Dube, Daniel"]
[Black "Lessard, Claude"]
[Result "0-1"]
[WhiteElo "1833"]
[BlackElo "2071"]
[PlyCount "46"]
[EventDate "2014.04.05"]
[EventType "tourn"]
[EventRounds "5"]
[EventCountry "CAN"]

1. Nf3 Nf6 2. d4 e6 3. c4 Bb4+ 4. Bd2 a5 5. Nc3 b6 6. g3 Ba6 7. Bg2 Bxc3 8.
Bxc3 Bxc4 9. Nd2 Bd5 10. e4 Bb7 11. O-O d6 12. Re1 O-O 13. e5 Nd5 14. Qg4 dxe5
15. dxe5 Nd7 16. f4 Nc5 17. Ne4 Nxc3 18. Nf6+ Kh8 19. Bxb7 Nxb7 20. Nh5 g6 21.
Nf6 Nd5 22. Rad1 Nxf6 23. Rxd8 Nxg4 0-1

[Event "Samedi 2014.04.05"]
[Site "Ste-Foy CAN"]
[Date "2014.04.12"]
[Round "2"]
[White "Laflamme, Simon"]
[Black "Chouinard, Etienne"]
[Result "1-0"]
[WhiteElo "1958"]
[BlackElo "1755"]
[PlyCount "77"]
[EventDate "2014.04.05"]
[EventType "tourn"]
[EventRounds "5"]
[EventCountry "CAN"]

1. Nf3 d5 2. c4 e6 3. g3 c6 4. Bg2 dxc4 5. O-O Nd7 6. Qc2 Nb6 7. a4 a5 8. Na3
Qd5 9. e4 Qc5 10. d3 cxd3 11. Qxd3 Be7 12. Be3 Qb4 13. Rfd1 Nxa4 14. Bd2 Qc5
15. Rdc1 Qh5 16. Qd4 Nc5 17. g4 Qxg4 18. Rxc5 Bxc5 19. Qxc5 Qxe4 20. Nc4 Qd5
21. Nd6+ Kf8 22. Qa3 c5 23. Nxc8 Rxc8 24. Qxa5 Nf6 25. Ng5 Qd7 26. Be3 b5 27.
Rc1 c4 28. Qb4+ Kg8 29. Qe1 h6 30. Nf3 Kh7 31. Ne5 Qc7 32. Bd4 Rhe8 33. b3 Nd7
34. bxc4 Nxe5 35. Bxe5 Qc5 36. Bb7 Rcd8 37. cxb5 Qa7 38. Bc6 Re7 39. Qb4 1-0